Largest Cities Containing 'Y' - Statistics

General Stats
  • This quiz has been taken 189 times
  • The average score is 14 of 20
Answer Stats
Population Country City % Correct
39,500,000 Japan Tokyo
100%
22,000,000 United States New York City
97%
4,900,000 Australia Sydney
94%
2,825,000 North Korea Pyongyang
93%
22,100,000 Mexico Mexico City
92%
4,150,000 Kuwait Kuwait City
91%
6,700,000 Saudi Arabia Riyadh
90%
3,000,000 Guatemala Guatemala City
87%
8,250,000 Vietnam Ho Chi Minh City
82%
10,400,000 Japan Nagoya
73%
2,725,000 Cameroon Yaoundé
72%
5,150,000 Burma Yangon
71%
4,650,000 Mexico Monterrey
66%
9,000,000 India Hyderabad
62%
3,000,000 Ecuador Guayaquil
61%
4,700,000 Indonesia Surabaya
49%
7,650,000 China Shenyang
43%
2,875,000 China Guiyang
17%
4,200,000 China Taiyuan
15%
2,675,000 China Jiangyin
2%
No matching quizzes found
Score Distribution
Percent of People with Each Score
Percentile by Number Answered
Your Score History
You have not taken this quiz